000 00588nam a2200181 i 4500
001 80297
003 ES-MaACL
005 20230906174201.0
007 t|
008 041027s1968 sp |||| | spa d
100 1 _aHoar, Leo J.
_963850
245 1 0 _aBenito Pérez Galdós y la revista del movimiento intelectual de Europa
_b: Madrid, 1865-1867 /
_cLeo J. Hoar.
260 _aMadrid :
_bÍnsula,
_c1968.
300 _a301 p. ;
_c21 cm.
600 1 4 _aPérez Galdós, Benito,
_d1843-1920-
_xCrítica e interpretación
_990875
852 _aES-MaACL
_jC-35016
999 _c80297
_d80297